| 000 | 00474nam a22001697a 4500 | ||
|---|---|---|---|
| 003 | NUST - PNEC | ||
| 005 | 20170116180950.0 | ||
| 008 | 150908b xxu||||| |||| 00| 0 eng d | ||
| 020 | _a0070487227 | ||
| 040 | _cLIBRARY | ||
| 082 | _a621.381 PAS | ||
| 100 |
_99115 _bElectronic Engineering |
||
| 245 |
_aLearning digital electronics through experiments _cEdward J. Pasahow |
||
| 260 | _cc.1982 | ||
| 650 |
_99119 _aDigital electronics--Experiments _xEL |
||
| 942 |
_2ddc _cBK |
||
| 999 |
_c66406 _d66406 |
||